000 00773nam a2200253 i 4500
001 184187
003 ES-MaACL
005 20230906222107.0
008 150415s1965 sp f |||| |dspa d
080 _a929 Cierva, Juan de la
080 _a629.735.43
100 1 _aGarcía Albors, Enrique.
_954125
245 1 3 _aLa Cierva /
_cpor E. García Albors.
246 3 4 _aLa Cierva y el autogiro
260 _aMadrid :
_bCid,
_c[1965]
300 _a298 p., [8] p. de lám. ;
_c16 cm.
490 1 _aSabios del mundo entero ;
_v18
504 _aBibliografía: p. 291-298.
600 1 7 _aCierva, Juan de la (
_d1895-1936)
_938789
650 0 4 _aAutogiros.
_910433
830 0 _aSabios del mundo entero ;
_v18
_9192074
852 _aES-MaACL
_jE-15554
999 _c184187
_d184187